00799nam a2200217 a 450000100060000000300080000600500170001400800410003103500190007204000270009104100080011808200290012624500410015526000520019630000260024849000200027450002000029450400300049465000340052471000230055847616BD-RjUL20211209054343.0160808s1968 nju b 001 0 eng  a(BD-RjUL)47735 aDLCcDLCdBD-RjULbeng aeng00a328.730745223bOMB 196800aOmbudsmen for American Government? / aEnglewood Cliffs, N.J. :bPrentice-Hall,cc1968 avii, 181 p. ;c22 cm.0 aA Spectrum book a"Prepared under the editorial supervision of Professor Stanley V. Anderson of the University of California at Santa Barbara, as background reading for the Arden House Assembly [Oct. 26-29, 1967]" aBibliography: p. 174-176. 0aOmbudspersonszUnited States.2 aAmerican Assembly.